Pays d'Afrique par frontières. - Statistiques

Statistiques générales
  • Ce quiz a été pris 1 774 fois
    1 644 depuis la dernière actualisation
  • Le résultat moyen est 44 sur 48
Réponses sur la Carte
Les réponses sont colorées sur une échelle allant du rouge au vert en fonction du pourcentage des utilisateurs qui les ont devinées à leur premier essai. Vous pouvez retrouver ces pourcentages ci-dessous.
 
Statistiques - réponses
Pays % Correct
Algérie
99%
Libye
99%
Mauritanie
99%
Niger
99%
Burkina Faso
98%
Mali
98%
Soudan
98%
Guinée
97%
Sénégal
97%
Soudan du Sud
97%
Congo (Rép Dém)
96%
Côte d'Ivoire
96%
Maroc
96%
République Centrafricaine
96%
Tanzanie
96%
Angola
95%
Cameroun
95%
Tchad
95%
Zambie
95%
Congo (Rép)
94%
Égypte
94%
Éthiopie
94%
Ouganda
94%
Rwanda
94%
Afrique du Sud
93%
Burundi
93%
Botswana
92%
Gabon
92%
Namibie
92%
Zimbabwe
92%
Mozambique
91%
Tunisie
91%
Kenya
90%
Nigeria
90%
Bénin
89%
Somalie
89%
Eswatini
88%
Érythrée
87%
Djibouti
86%
Ghana
86%
Lesotho
86%
Liberia
83%
Togo
83%
Guinée-Bissau
80%
Sierra Leone
77%
Malawi
69%
Gambie
63%
Guinée équatoriale
63%
Aucun quiz correspondant
Distribution des résultats
% des personnes avec chaque résultat
Percentile par nombre de réponses
Votre historique - résultats
Vous n’avez pas pris ce quiz depuis la dernière actualisation